000 01635nam a2200325 a 4500
999 _c415544
_d415544
003 BLK
005 20250725175826.0
008 200124b bu |||||r|||| 00| | bu d
020 _a9786197448832
020 _a9786197448825
_q(мека корица)
040 _aBLK
041 _aBUL
_cBUL
080 _aАмериканска литература (на САЩ)
_b821.111(73)
_x-93
_z821.111(73)-93
100 _9258875
_aБаум, Лиман Франк
_eпърви автор
139 _aБаум, Лиман Франк
_bБ 29
245 _aВълшебникът от Оз
_cЛ. Ф. Баум; ил. Либико Марайа; прев. Екатерина Димчева.
250 _a[4. изд.]
257 _aUSA
260 _9220232
_aСофия
_bМиранда
_c2021
_f[Китай]
300 _a127 с.
_bс цв. ил.
_c33 см
380 _aDX
500 _aОриг. загл.: The wonderful wizard of Oz / L. Frank Baum. - Възприетата форма на името на ил. Марайа е Либико Марайа. - 1. изд. 1959 на изд. Нар. младеж, в сер. За начална училищна възраст; 1. изд. 2007 на изд. Пан, в сер. Вечните детски романи. - За авт., прев., ил.: с. 2
700 _9599
_aМарайя, Либико
_eил.
700 _91021
_aДимчева, Екатерина Кирилова
_eпрев. от англ.
852 _aЦб ІІ 31223
_bЦб
942 _cKNG
_n0
_s1
_037
944 _k30531
_lЦветелина Шанова
944 _aED
_c2022-09-24
_kСТ
999 _d415544